| 000 | 00884nam a2200205Ia 4500 | ||
|---|---|---|---|
| 003 | Ost | ||
| 005 | 20260507075735.0 | ||
| 008 | 260507s9999||||xx |||||||||||||| ||und|| | ||
| 040 | _cfsecg | ||
| 041 | _aara | ||
| 082 | _a330 | ||
| 100 | _eمؤلف | ||
| 245 | 0 |
_aعائد الاستثمار في رأس المال البشري : _bقياس القيمة الاقتصادية لأداء العاملين / |
|
| 260 |
_aالقاهرة: _bايتراك للنشر والتوزيع, _c2004 |
||
| 300 |
_a310 صفحة؛ _bإيضاحات ؛ _c24 سم |
||
| 490 | _aاصدارات الفكر الاداري المعاصر | ||
| 520 | _aالمتغيرات التي أثرت على منظمات الأعمال-سجل الأداء للموارد البشرية-قياس العائد على رأس المال البشري | ||
| 653 | _aراس المال-إستثمار | ||
| 942 | _cكتاب | ||
| 999 |
_c46079 _d46079 |
||